Vlákna na báze metalocénového propylénu so zlepšenými elastickými vlastnosťami

Salvato in:
Dettagli Bibliografici
Autore principale: Slivová, Katarína
Natura: Libro
Lingua:slovacco
Pubblicazione: Bratislava STU FCHPT 2009
Accesso online:Visualizza in OPAC
Tags: Aggiungi Tag
Nessun Tag, puoi essere il primo ad aggiungerne!!

MARC

LEADER 00000nam a2200000 a 4500
005 20260127133952.0
008 090706 2009 xo 000 0 slo d
035 |a vtls009624663 
039 9 |a 200907070801  |b mschk03  |y 200907061154  |z mschk03 
040 |a STUSCHK1  |b slo  |c STUSCHK1  |e AACR2 
100 1 |a Slivová, Katarína 
245 1 |a Vlákna na báze metalocénového propylénu so zlepšenými elastickými vlastnosťami  |c Katarína Slivová 
260 |a Bratislava  |b STU FCHPT  |c 2009 
300 |a 52 s.  |b il.  |c 30cm 
500 |a Obháj.: 8.6. 2009 
500 |a Študijný program: polymérne materiály 
500 |a Študijný odbor: 5.2.18 chemické technológie 
500 |a Miesto vypracovania: Oddelenie vlákien a textilu, FCHPT STU 
500 |a Zameranie: chemická technológia vlákien a textilu 
910 |a SCHK95 
999 |c 1135  |d 1135